[Event "Parana Agmer U2200"]
[Site "Parana"]
[Date "2017.06.11"]
[Round "6.5"]
[White "Benitez, Fernando"]
[Black "Ortiz, Jorge"]
[Result "1/2-1/2"]
[WhiteElo "1893"]
[BlackElo "1831"]
[PlyCount "78"]
[EventDate "2017.06.09"]
[EventType "swiss"]
[EventRounds "6"]
[EventCountry "ARG"]
[SourceTitle "EXT 2024"]
[Source "ChessBase"]
[SourceDate "2023.10.10"]
[SourceVersion "1"]
[SourceVersionDate "2023.10.10"]
[SourceQuality "1"]

1. d4 Nf6 2. c4 c5 3. Nf3 g6 4. b3 Bg7 5. Bb2 0-0 6. e3 d6 7. Be2 Nbd7 8. 0-0 Ne4 9. Nbd2 Nxd2 10. Nxd2 e5 11. Ne4 Nf6 12. Bf3 Nxe4 13. Bxe4 Qc7 14. Qf3 Rb8 15. Rad1 b6 16. dxe5 dxe5 17. Rd2 Be6 18. Rfd1 Rbd8 19. Bd5 Bxd5 20. cxd5 Rd6 21. e4 f5 22. Qg3 f4 23. Qc3 f3 24. Rd3 fxg2 25. Rg3 Qf7 26. Rxg2 Rf6 27. Qxe5 Rxf2 28. Qxg7+ Qxg7 29. Bxg7 Rxg2+ 30. Kxg2 Kxg7 31. Rd3 Re8 32. Kf3 Kf6 33. Ke3 Ke5 34. Rd2 Rf8 35. Rg2 Rf1 36. Rg4 Kf6 37. h4 Re1+ 38. Kd3 Rd1+ 39. Ke3 Re1+ 1/2-1/2

[Event "Santa Fe sf U1700/2000"]
[Site "Santa Fe"]
[Date "2017.03.26"]
[Round "6.1"]
[White "Fontanini, Jorge"]
[Black "Benitez, Fernando"]
[Result "1/2-1/2"]
[WhiteElo "1987"]
[BlackElo "1917"]
[PlyCount "33"]
[EventDate "2017.03.24"]
[EventType "swiss"]
[EventRounds "6"]
[EventCountry "ARG"]
[SourceTitle "EXT 2024"]
[Source "ChessBase"]
[SourceDate "2023.10.10"]
[SourceVersion "1"]
[SourceVersionDate "2023.10.10"]
[SourceQuality "1"]

1. d4 d5 2. c4 e6 3. Nc3 Nf6 4. Bg5 Be7 5. e3 b6 6. Nf3 Bb7 7. cxd5 Nxd5 8. Bxe7 Qxe7 9. Be2 Nd7 10. 0-0 0-0 11. Rc1 c5 12. dxc5 Nxc5 13. Nxd5 Bxd5 14. Bc4 Rfd8 15. Bxd5 Rxd5 16. Qe2 Rad8 17. Nd4 1/2-1/2

[Event "Santa Fe sf U1700/2000"]
[Site "Santa Fe"]
[Date "2017.03.25"]
[Round "4.1"]
[White "Benitez, Fernando"]
[Black "Petrich, Pedro Bautista"]
[Result "0-1"]
[WhiteElo "1917"]
[BlackElo "1941"]
[PlyCount "68"]
[EventDate "2017.03.24"]
[EventType "swiss"]
[EventRounds "6"]
[EventCountry "ARG"]
[SourceTitle "EXT 2024"]
[Source "ChessBase"]
[SourceDate "2023.10.10"]
[SourceVersion "1"]
[SourceVersionDate "2023.10.10"]
[SourceQuality "1"]

1. e4 c5 2. Nf3 d6 3. d4 cxd4 4. Nxd4 Nf6 5. Nc3 a6 6. a4 e5 7. Nb3 Be6 8. Bd3 Nbd7 9. 0-0 Be7 10. Kh1 d5 11. f3 0-0 12. exd5 Nxd5 13. Nxd5 Bxd5 14. Bxh7+ Kxh7 15. Qxd5 Qc7 16. c3 Rad8 17. Qe4+ f5 18. Qe2 Qb6 19. Nd2 Bf6 20. f4 g6 21. Nf3 exf4 22. Bxf4 Rde8 23. Qc2 Nc5 24. a5 Qc6 25. Nd4 Qc8 26. Rf3 Ne4 27. Qb3 g5 28. Be3 f4 29. Bg1 Kg7 30. Qc2 Rh8 31. Ne2 Qf5 32. Qa4 g4 33. Rxf4 Qxf4 34. Qxe8 Nf2+ 0-1

[Event "Santa Fe sf U1700/2000"]
[Site "Santa Fe"]
[Date "2017.03.24"]
[Round "2.3"]
[White "Gomez Reyes, Solana"]
[Black "Benitez, Fernando"]
[Result "0-1"]
[WhiteElo "1589"]
[BlackElo "1917"]
[PlyCount "100"]
[EventDate "2017.03.24"]
[EventType "swiss"]
[EventRounds "6"]
[EventCountry "ARG"]
[SourceTitle "EXT 2024"]
[Source "ChessBase"]
[SourceDate "2023.10.10"]
[SourceVersion "1"]
[SourceVersionDate "2023.10.10"]
[SourceQuality "1"]

1. d4 d5 2. Bf4 e6 3. Nf3 Bd6 4. Bg3 Nf6 5. e3 b6 6. Bd3 Ba6 7. Ne5 Bxd3 8. Qxd3 0-0 9. Nd2 c5 10. c3 Ne8 11. f4 f6 12. Nef3 Nc6 13. 0-0 f5 14. Bh4 Be7 15. Bxe7 Qxe7 16. Qe2 Rf6 17. Kh1 Rg6 18. Ne5 Nxe5 19. fxe5 a5 20. Rf4 a4 21. Rg1 a3 22. b3 Rc8 23. Qa6 Qc7 24. c4 Rd8 25. Qxa3 cxd4 26. exd4 Nf6 27. Rc1 dxc4 28. Rxc4 Qb7 29. Nf3 Nd5 30. Qc1 Nxf4 31. Qxf4 Qa6 32. Qd2 b5 33. Rc7 Rg4 34. Qc2 b4 35. Rc4 h5 36. Kg1 Qb7 37. Kf2 h4 38. Rc7 Qa8 39. Rc6 Qa7 40. Rc4 Qb7 41. Rc6 Ra8 42. Rxe6 Qa7 43. Ke3 Re4+ 44. Kd3 Rd8 45. Qc4 Kh8 46. Qxb4 Qxa2 47. Qd2 Qxb3+ 48. Qc3 Qxe6 49. Ng5 Qa6+ 50. Qc4 Rdxd4+ 0-1